00913nam a2200241 a 450000100100000000500170001000800410002702000150006804000250008308200180010811000780012624500600020426000580026430000210032249000300034350000430037350000370041650000330045383000370048604900090052395201220053299900170065400002517220200930023614.0110210s1993 ck r 001 0 spa d a958625254X aDO-SdBNPbspacBNPHU axxxxxxbC755s2 aConsejo Episcopal Latinoamericano,bDepartamento de Laicos -Delai.95163910aSembradores de paz :bmensajes pontificios 1968 a 1993. aBogotá :bConsejo Episcopal Latinoamericano,c1993. a349 p. ;c21 cm.1 aFormación pastoral ;v6 aIncluye notas al pie de las páginas. aIncluye índices esquemático. aIncluye índice temático. 0aFormación pastoral ;n6951640 aBNGR 001054708MOaGRbGRcCTd2011-02-10iLF1l0oxxxxxx C755sp25172-10r2020-06-25w2020-06-25y4ZPréstamo en sala c24665d24665